[Event "Cheliabinsk Panchenko Memorial op-A"]
[Site "Cheliabinsk"]
[Date "2021.09.19"]
[Round "7"]
[White "Makov, Artem"]
[Black "Plyasunov, Daniil"]
[Result "1-0"]
[WhiteElo "1932"]
[BlackElo "2047"]
[PlyCount "99"]
[EventDate "2021.09.13"]
[EventType "swiss"]
[EventRounds "10"]
[EventCountry "RUS"]
[SourceTitle "CBM 204 Extra"]
[Source "ChessBase"]
[SourceDate "2021.11.30"]
[SourceVersion "1"]
[SourceVersionDate "2021.11.30"]
[SourceQuality "1"]

1. d4 d5 2. Nf3 Nf6 3. c4 e6 4. Nc3 Nbd7 5. Bg5 c6 6. e3 Be7 7. Bd3 dxc4 8. Bxc4 b5 9. Bd3 Bb7 10. 0-0 a6 11. a4 b4 12. Bxf6 Nxf6 13. Ne4 0-0 14. Rc1 Rc8 15. Ne5 c5 16. Nxc5 Bxc5 17. dxc5 Qd5 18. c6 Ba8 19. f4 Rxc6 20. Nxc6 Bxc6 21. Qc2 Bb7 22. Rfd1 Qh5 23. Be2 b3 24. Qd2 Qg6 25. Bf1 h5 26. Qd3 Be4 27. Qxb3 h4 28. Rd2 Bd5 29. Qd3 Ne4 30. Rdc2 h3 31. Rc8 Rxc8 32. Rxc8+ Kh7 33. Rc2 f5 34. Qxa6 Bb3 35. Re2 Bd1 36. a5 Qg4 37. Qd3 Bxe2 38. Qxe2 hxg2 39. Qxg2 Qd1 40. Qe2 Qc1 41. a6 Qc5 42. Qe1 g5 43. fxg5 Nxg5 44. Bg2 f4 45. Qh4+ Kg6 46. Qxf4 Qc1+ 47. Kf2 Qxb2+ 48. Kg3 Qb1 49. h4 Qe1+ 50. Kh2 1-0

[Event "Cheliabinsk Panchenko Memorial op-A"]
[Site "Cheliabinsk"]
[Date "2021.09.19"]
[Round "8"]
[White "Strybuk, Artsiom I"]
[Black "Makov, Artem"]
[Result "1-0"]
[WhiteElo "2234"]
[BlackElo "1932"]
[PlyCount "59"]
[EventDate "2021.09.13"]
[EventType "swiss"]
[EventRounds "10"]
[EventCountry "RUS"]
[SourceTitle "CBM 204 Extra"]
[Source "ChessBase"]
[SourceDate "2021.11.30"]
[SourceVersion "1"]
[SourceVersionDate "2021.11.30"]
[SourceQuality "1"]

1. Nf3 d5 2. d4 Nf6 3. c4 c6 4. e3 Bg4 5. h3 Bh5 6. g4 Bg6 7. Ne5 e6 8. Nd2 Nfd7 9. Nxg6 hxg6 10. Bg2 Be7 11. 0-0 0-0 12. e4 dxe4 13. Nxe4 e5 14. d5 f5 15. Qb3 Qb6 16. Bg5 Bxg5 17. Nxg5 e4 18. Ne6 Rf7 19. Qg3 Nc5 20. Ng5 Rf6 21. Qh4 Nbd7 22. Qh7+ Kf8 23. Qh8+ Ke7 24. Qxg7+ Ke8 25. Rad1 Qxb2 26. Qh8+ Nf8 27. Nh7 Kf7 28. g5 Nfd7 29. Qxa8 Rd6 30. dxc6 1-0

[Event "Cheliabinsk Panchenko Memorial op-A"]
[Site "Cheliabinsk"]
[Date "2021.09.17"]
[Round "5"]
[White "Makov, Artem"]
[Black "Lisenkov, Svyatoslav"]
[Result "1-0"]
[WhiteElo "1932"]
[BlackElo "1964"]
[PlyCount "119"]
[EventDate "2021.09.13"]
[EventType "swiss"]
[EventRounds "10"]
[EventCountry "RUS"]
[SourceTitle "CBM 204 Extra"]
[Source "ChessBase"]
[SourceDate "2021.11.30"]
[SourceVersion "1"]
[SourceVersionDate "2021.11.30"]
[SourceQuality "1"]

1. d4 Nf6 2. Nf3 g6 3. c4 Bg7 4. Nc3 0-0 5. e4 d6 6. Be2 e5 7. Be3 exd4 8. Nxd4 Re8 9. f3 c6 10. Bf2 d5 11. exd5 cxd5 12. c5 Nc6 13. 0-0 Nh5 14. Qd2 Be5 15. g3 Ng7 16. Rad1 Bf5 17. Rfe1 Bxd4 18. Bxd4 Ne6 19. Bf2 d4 20. Nb5 Nxc5 21. Nxd4 Nxd4 22. Qxd4 Qxd4 23. Rxd4 Rac8 24. Rd2 a5 25. Red1 Na6 26. Bb5 Rf8 27. Bb6 Be6 28. b3 Nb4 29. Bxa5 Nxa2 30. Bc4 Bxc4 31. bxc4 b6 32. Bxb6 Nc3 33. Re1 Rxc4 34. Re7 Na4 35. Be3 Nc5 36. Rc7 Rc1+ 37. Kg2 Nb3 38. Rxc1 Nxc1 39. Rd5 Rc8 40. h4 h5 41. g4 hxg4 42. fxg4 Na2 43. Bd4 Nb4 44. Rd7 Re8 45. Bf6 Nc6 46. Kg3 Re6 47. Bb2 f6 48. Rb7 Ne5 49. h5 gxh5 50. gxh5 Nf7 51. Bc1 f5 52. Kf4 Re4+ 53. Kg3 Rg4+ 54. Kf2 f4 55. Bb2 Rg5 56. Kf3 Rf5 57. Kg4 f3 58. Kxf5 Kf8 59. Ba3+ Kg8 60. Rb3 1-0

[Event "Cheliabinsk Panchenko Memorial op-A"]
[Site "Cheliabinsk"]
[Date "2021.09.14"]
[Round "2"]
[White "Samusenko, Maksim"]
[Black "Makov, Artem"]
[Result "1-0"]
[WhiteElo "2460"]
[BlackElo "1932"]
[PlyCount "67"]
[EventDate "2021.09.13"]
[EventType "swiss"]
[EventRounds "10"]
[EventCountry "RUS"]
[SourceTitle "CBM 204 Extra"]
[Source "ChessBase"]
[SourceDate "2021.11.30"]
[SourceVersion "1"]
[SourceVersionDate "2021.11.30"]
[SourceQuality "1"]

1. e4 c5 2. Nf3 d6 3. d4 cxd4 4. Nxd4 Nf6 5. Nc3 a6 6. Qd3 e5 7. Nb3 Be7 8. Be2 Be6 9. Nd5 Bxd5 10. exd5 0-0 11. 0-0 Nbd7 12. Be3 Ne8 13. Qd2 f5 14. f3 a5 15. a4 Nef6 16. Rad1 Nh5 17. Bb5 Ndf6 18. Qf2 Qc8 19. c4 f4 20. Bb6 Nd7 21. Bxa5 Rxa5 22. Nxa5 Bd8 23. b4 Nc5 24. bxc5 Bxa5 25. cxd6 Bb4 26. d7 Qc7 27. d6 Bxd6 28. Qh4 Nf6 29. Qh3 Kf7 30. Kh1 Ke7 31. Rfe1 g6 32. Qh6 Kf7 33. c5 Qxc5 34. Qxf8+ 1-0

[Event "Urals-ch"]
[Site "Khanty-Mansiysk"]
[Date "2021.03.19"]
[Round "9"]
[White "Makov, Artem"]
[Black "Zemlyanskii, Ivan"]
[Result "0-1"]
[WhiteElo "1948"]
[BlackElo "1950"]
[PlyCount "62"]
[EventDate "2021.03.11"]
[EventType "swiss"]
[EventRounds "9"]
[EventCountry "RUS"]
[SourceTitle "CBM 201 Extra"]
[Source "ChessBase"]
[SourceDate "2021.05.31"]
[SourceVersion "1"]
[SourceVersionDate "2021.05.31"]
[SourceQuality "1"]

1. d4 Nf6 2. Nf3 e6 3. c4 b6 4. a3 Bb7 5. Nc3 d5 6. Bg5 Be7 7. e3 0-0 8. Qc2 c5 9. cxd5 Nxd5 10. Bxe7 Qxe7 11. Bd3 Nf6 12. Ne2 Nbd7 13. 0-0 Rac8 14. Qa4 cxd4 15. Qxd4 e5 16. Qa4 Nc5 17. Qxa7 Nd5 18. b4 Nxd3 19. Qa4 Nc3 20. Nxc3 Rxc3 21. Qb5 Bxf3 22. gxf3 Qg5+ 23. Kh1 Qf5 24. Qd5 Rc2 25. Ra2 Rxa2 26. Qxa2 Qxf3+ 27. Kg1 Rc8 28. b5 h5 29. Qb1 Rc4 30. h3 Qxh3 31. e4 Nf4 0-1

[Event "Urals-ch"]
[Site "Khanty-Mansiysk"]
[Date "2021.03.16"]
[Round "6"]
[White "Meydi, Igor"]
[Black "Makov, Artem"]
[Result "1/2-1/2"]
[WhiteElo "1678"]
[BlackElo "1948"]
[PlyCount "77"]
[EventDate "2021.03.11"]
[EventType "swiss"]
[EventRounds "9"]
[EventCountry "RUS"]
[SourceTitle "CBM 201 Extra"]
[Source "ChessBase"]
[SourceDate "2021.05.31"]
[SourceVersion "1"]
[SourceVersionDate "2021.05.31"]
[SourceQuality "1"]

1. d4 d5 2. c4 c6 3. cxd5 cxd5 4. Nc3 Nf6 5. Bf4 a6 6. e3 Nc6 7. Bd3 Bg4 8. Nge2 e6 9. Rc1 Be7 10. f3 Bh5 11. 0-0 0-0 12. Na4 Nd7 13. a3 Bg6 14. Bxg6 hxg6 15. b4 Nb6 16. Nxb6 Qxb6 17. Qd3 Rac8 18. Nc3 Na7 19. e4 dxe4 20. fxe4 a5 21. b5 Rfd8 22. Be3 Bxa3 23. Na4 Qd6 24. Ra1 Bb4 25. d5 b6 26. Bxb6 Rd7 27. Rac1 Qb8 28. Bxa7 Qxa7+ 29. b6 Qb7 30. Rxc8+ Qxc8 31. Qb5 exd5 32. exd5 Qd8 33. b7 Bd6 34. Rc1 Rc7 35. Rxc7 Qxc7 36. Qc6 Qe7 37. Qc8+ Kh7 38. Qh3+ Kg8 39. Qc8+ 1/2-1/2

[Event "Urals-ch"]
[Site "Khanty-Mansiysk"]
[Date "2021.03.15"]
[Round "5"]
[White "Makov, Artem"]
[Black "Dovbnia, Nikita"]
[Result "1/2-1/2"]
[WhiteElo "1948"]
[BlackElo "1917"]
[PlyCount "125"]
[EventDate "2021.03.11"]
[EventType "swiss"]
[EventRounds "9"]
[EventCountry "RUS"]
[SourceTitle "CBM 201 Extra"]
[Source "ChessBase"]
[SourceDate "2021.05.31"]
[SourceVersion "1"]
[SourceVersionDate "2021.05.31"]
[SourceQuality "1"]

1. d4 Nf6 2. Nf3 e6 3. c4 Bb4+ 4. Bd2 Qe7 5. g3 0-0 6. Bg2 Bxd2+ 7. Qxd2 d6 8. Nc3 e5 9. 0-0 Nbd7 10. Rfd1 Nb6 11. b3 Bg4 12. h3 Bxf3 13. exf3 exd4 14. Qxd4 Rfe8 15. f4 Rad8 16. Bf3 c6 17. Rd2 d5 18. cxd5 Nbxd5 19. Nxd5 Nxd5 20. Qxa7 Nc3 21. Rxd8 Rxd8 22. Qa5 Nb5 23. Re1 Qd6 24. Bg2 h6 25. Qb6 Qd7 26. Qc5 Re8 27. Rxe8+ Qxe8 28. a4 Nc7 29. Qd6 Qc8 30. Bf1 Ne8 31. Qe7 Nf6 32. Bc4 Nd5 33. Qd6 Nb6 34. Bd3 Nd5 35. a5 Nc7 36. Bc4 Ne6 37. f5 Ng5 38. h4 Ne4 39. Qe5 Nf6 40. Kg2 Qd8 41. b4 Ne8 42. g4 Kf8 43. Kg3 Qd6 44. Qxd6+ Nxd6 45. a6 bxa6 46. Bxa6 Ke7 47. Kf4 Ne8 48. g5 hxg5+ 49. hxg5 Nc7 50. Bc4 Na8 51. Bxf7 Kxf7 52. Ke5 Nc7 53. Kd6 Na6 54. Kxc6 Nxb4+ 55. Kd6 Nd3 56. f3 Ne1 57. Ke5 Nxf3+ 58. Kf4 Ng1 59. Ke5 Nf3+ 60. Kf4 Nd4 61. Ke5 Nc6+ 62. Kd6 Nd4 63. Ke5 1/2-1/2

[Event "Urals-ch"]
[Site "Khanty-Mansiysk"]
[Date "2021.03.13"]
[Round "3"]
[White "Makov, Artem"]
[Black "Pridorozhni, Aleksei"]
[Result "1/2-1/2"]
[WhiteElo "1948"]
[BlackElo "2580"]
[PlyCount "89"]
[EventDate "2021.03.11"]
[EventType "swiss"]
[EventRounds "9"]
[EventCountry "RUS"]
[SourceTitle "CBM 201 Extra"]
[Source "ChessBase"]
[SourceDate "2021.05.31"]
[SourceVersion "1"]
[SourceVersionDate "2021.05.31"]
[SourceQuality "1"]

1. d4 d6 2. e4 g6 3. Nf3 Bg7 4. Nc3 a6 5. a4 Nc6 6. h3 e5 7. Bg5 f6 8. Be3 Nh6 9. dxe5 dxe5 10. Qxd8+ Nxd8 11. Nd5 Ne6 12. Nxf6+ Bxf6 13. Bxh6 Bd7 14. Be3 0-0-0 15. Bc4 Nf4 16. 0-0 g5 17. Bxf4 gxf4 18. Rfd1 Bc6 19. Be6+ Kb8 20. Rxd8+ Rxd8 21. Bf5 h6 22. Kf1 Ka7 23. g4 fxg3 24. fxg3 Kb6 25. g4 Kc5 26. h4 a5 27. Ke2 Kb4 28. g5 hxg5 29. hxg5 Bg7 30. Ne1 Kc5 31. Nd3+ Kd6 32. b3 Rh8 33. Kf3 Be8 34. Rd1 Ke7 35. Nf2 Rh5 36. Kg4 Rh2 37. Kg3 Rh5 38. Nh3 b6 39. Bg4 Rh8 40. Ng1 Bc6 41. Bf5 Rh1 42. Kg2 Rh4 43. Kg3 Rh1 44. Kg2 Rh4 45. Kg3 1/2-1/2

[Event "Khanty-Mansiysk Governor Cup 16th"]
[Site "Khanty-Mansiysk"]
[Date "2020.12.04"]
[Round "5"]
[White "Mochalin, Faddey"]
[Black "Makov, Artem"]
[Result "0-1"]
[WhiteElo "2196"]
[BlackElo "1883"]
[PlyCount "114"]
[EventDate "2020.11.30"]
[EventType "swiss"]
[EventRounds "9"]
[EventCountry "RUS"]
[SourceTitle "CBM 199 Extra"]
[Source "ChessBase"]
[SourceDate "2021.01.31"]
[SourceVersion "1"]
[SourceVersionDate "2021.01.31"]
[SourceQuality "1"]

1. d4 d5 2. c4 c6 3. Nc3 Nf6 4. e3 Bf5 5. cxd5 cxd5 6. Qb3 Bc8 7. Nf3 Nc6 8. Ne5 e6 9. f4 Bd6 10. Bd3 Ne7 11. Bb5+ Nd7 12. Bxd7+ Bxd7 13. Qxb7 Bxe5 14. fxe5 Nf5 15. 0-0 0-0 16. Qa6 f6 17. Rxf5 exf5 18. e6 Bc8 19. Qc6 Rb8 20. Nxd5 Re8 21. e7 Qd7 22. Qxd7 Bxd7 23. b3 Bc6 24. Nf4 Rxe7 25. Kf2 Be4 26. Ba3 Rd7 27. Rc1 Kf7 28. Ne2 Bb7 29. g3 g5 30. Bc5 a6 31. b4 Rg8 32. a4 h5 33. Rf1 Bc6 34. Nc3 h4 35. b5 axb5 36. axb5 Bb7 37. Ra1 hxg3+ 38. hxg3 Rh8 39. Ra7 Kg6 40. d5 Rh2+ 41. Ke1 Rc2 42. Bd4 Rh7 43. Kd1 Rg2 44. Ne2 Rh1+ 45. Kd2 Bxd5 46. Ra6 Rhh2 47. Rxf6+ Kh5 48. Rxf5 Rxe2+ 49. Kd3 Bh1 50. b6 Kg4 51. Rb5 Bb7 52. Bf6 Ba6 53. b7 Bxb5+ 54. Kd4 Rd2+ 55. Kc5 Rc2+ 56. Kb6 Bd3 57. Ka5 Rb2 0-1

[Event "Khanty-Mansiysk Governor Cup 16th"]
[Site "Khanty-Mansiysk"]
[Date "2020.12.01"]
[Round "2"]
[White "Salnikova, Ekaterina"]
[Black "Makov, Artem"]
[Result "1/2-1/2"]
[WhiteElo "1327"]
[BlackElo "1883"]
[PlyCount "103"]
[EventDate "2020.11.30"]
[EventType "swiss"]
[EventRounds "9"]
[EventCountry "RUS"]
[SourceTitle "CBM 199 Extra"]
[Source "ChessBase"]
[SourceDate "2021.01.31"]
[SourceVersion "1"]
[SourceVersionDate "2021.01.31"]
[SourceQuality "1"]

1. e4 c5 2. c3 d5 3. exd5 Qxd5 4. d4 Nf6 5. dxc5 Qxd1+ 6. Kxd1 e5 7. b4 a5 8. Nf3 Ng4 9. Ke1 e4 10. Nd4 axb4 11. cxb4 b6 12. Nb5 Na6 13. h3 Nf6 14. cxb6 Bxb4+ 15. Bd2 Bc5 16. Nc7+ Nxc7 17. bxc7 Bd6 18. Bb5+ Bd7 19. Bxd7+ Kxd7 20. Nc3 Bxc7 21. Ke2 Ke6 22. a4 Rhb8 23. Rhb1 Ba5 24. Rxb8 Rxb8 25. Nb5 Bxd2 26. Kxd2 Ke5 27. Rc1 Rd8+ 28. Ke2 Ke6 29. Rc6+ Kd5 30. Rc7 Rd7 31. Rc2 Rb7 32. Ke3 g5 33. Nc3+ Ke5 34. a5 Rc7 35. Kd2 Rd7+ 36. Ke2 Rc7 37. Kd1 Nd7 38. Na4 Rb7 39. a6 Ra7 40. Nc5 f5 41. Ke2 f4 42. g3 h6 43. Nxd7+ Rxd7 44. Rc6 f3+ 45. Ke1 h5 46. Rh6 Ra7 47. Kd2 Kd4 48. Rb6 Kc5 49. Rg6 Kd4 50. g4 hxg4 51. hxg4 Ra8 52. Rh6 1/2-1/2

[Event "Cheliabinsk Panchenko Memorial op-A"]
[Site "Cheliabinsk"]
[Date "2020.09.07"]
[Round "1"]
[White "Makov, Artem"]
[Black "Salemgareev, Tagir"]
[Result "0-1"]
[WhiteElo "1923"]
[BlackElo "2461"]
[PlyCount "86"]
[EventDate "2020.09.07"]
[EventType "swiss"]
[EventRounds "9"]
[EventCountry "RUS"]
[SourceTitle "CBM 198 Extra"]
[Source "ChessBase"]
[SourceDate "2020.11.30"]
[SourceVersion "1"]
[SourceVersionDate "2020.11.30"]
[SourceQuality "1"]

1. d4 Nf6 2. Nf3 e6 3. c4 b6 4. a3 Ba6 5. Qc2 Bb7 6. Nc3 c5 7. e3 Be7 8. Bd3 d5 9. 0-0 0-0 10. cxd5 exd5 11. dxc5 bxc5 12. b3 Nbd7 13. Bb2 Re8 14. Rfd1 g6 15. Ne2 a6 16. Nf4 Bd6 17. Ng5 Qe7 18. h4 Rac8 19. Nxh7 Kxh7 20. Bxg6+ fxg6 21. Qxg6+ Kh8 22. Nxd5 Bxd5 23. Rxd5 Be5 24. Bxe5 Nxe5 25. Qh6+ Nh7 26. Qxa6 Qg7 27. Rad1 Rg8 28. g3 Rcf8 29. Qd6 Ng4 30. Rf1 Rf6 31. Qd7 Qh6 32. Rf5 Nxe3 33. Rxf6 Qxf6 34. Re1 Ng4 35. Re2 Ne5 36. Qd1 Nf3+ 37. Kf1 Qf5 38. Re3 Qh3+ 39. Ke2 Nd4+ 40. Kd2 Qg2 41. Qe1 Nf3+ 42. Rxf3 Qxf3 43. Qe5+ Nf6 0-1

[Event "Cheliabinsk Panchenko Memorial op"]
[Site "Cheliabinsk"]
[Date "2019.09.12"]
[Round "4"]
[White "Makov, Artem"]
[Black "Petrukhina, Olga"]
[Result "0-1"]
[WhiteElo "1928"]
[BlackElo "2192"]
[PlyCount "68"]
[EventDate "2019.09.09"]
[EventType "swiss"]
[EventRounds "9"]
[EventCountry "RUS"]
[SourceTitle "EXT 2020"]
[Source "ChessBase"]
[SourceDate "2019.10.17"]
[SourceVersion "1"]
[SourceVersionDate "2019.10.17"]
[SourceQuality "1"]

1. d4 d5 2. Nf3 e6 3. c4 Be7 4. Nc3 Nf6 5. Bg5 h6 6. Bh4 0-0 7. e3 b6 8. Bd3 Bb7 9. 0-0 Nbd7 10. Rc1 c5 11. cxd5 Nxd5 12. Bxe7 Qxe7 13. Qe2 Rac8 14. Nxd5 Bxd5 15. Ba6 Rc7 16. b4 Nb8 17. bxc5 Nxa6 18. Qxa6 bxc5 19. dxc5 Rxc5 20. Rxc5 Qxc5 21. Nd4 Rb8 22. Qa4 Qe7 23. Qc2 Qb7 24. f3 Qb2 25. Qc7 Rb7 26. Qc8+ Kh7 27. Nc6 Qb6 28. Nd4 Rc7 29. Qd8 Bxa2 30. Qe8 Bd5 31. h4 Qb2 32. Kh2 Rb7 33. Re1 Qf2 34. Rc1 Rb2 0-1

[Event "Cheliabinsk Panchenko Memorial op"]
[Site "Cheliabinsk"]
[Date "2019.09.09"]
[Round "1"]
[White "Tsvetkov, Andrey1111"]
[Black "Makov, Artem"]
[Result "1-0"]
[WhiteElo "2373"]
[BlackElo "1928"]
[PlyCount "67"]
[EventDate "2019.09.09"]
[EventType "swiss"]
[EventRounds "9"]
[EventCountry "RUS"]
[SourceTitle "EXT 2020"]
[Source "ChessBase"]
[SourceDate "2019.10.17"]
[SourceVersion "1"]
[SourceVersionDate "2019.10.17"]
[SourceQuality "1"]

1. d4 d5 2. c4 c6 3. Nf3 Nf6 4. Nc3 e6 5. e3 Nbd7 6. Bd3 dxc4 7. Bxc4 b5 8. Bd3 a6 9. e4 c5 10. d5 Bb7 11. 0-0 c4 12. Bc2 Nc5 13. Be3 Qc7 14. dxe6 fxe6 15. Ng5 h6 16. Nf3 b4 17. Na4 Ncxe4 18. Nd4 Kf7 19. f3 Nc5 20. Re1 Bd5 21. Qe2 Bd6 22. Nxc5 Bxc5 23. Qf2 Bd6 24. Qh4 Rae8 25. Rad1 g5 26. Qh3 Reg8 27. Nf5 exf5 28. Rxd5 g4 29. fxg4 Bxh2+ 30. Kh1 Bg3 31. Rxf5 Bxe1 32. Bd4 Rg6 33. Qh5 Kg7 34. Rxf6 1-0

[Event "St Petersburg Korchnoi Memorial op"]
[Site "St Petersburg"]
[Date "2019.08.20"]
[Round "7"]
[White "Petrova, Irina"]
[Black "Makov, Artem"]
[Result "1-0"]
[WhiteElo "2123"]
[BlackElo "1911"]
[PlyCount "117"]
[EventDate "2019.08.14"]
[EventType "swiss"]
[EventRounds "9"]
[EventCountry "RUS"]
[SourceTitle "CBM 192"]
[Source "ChessBase"]
[SourceDate "2019.10.31"]
[SourceVersion "1"]
[SourceVersionDate "2019.10.31"]
[SourceQuality "1"]

1. d4 d5 2. Nc3 Nf6 3. Bg5 g6 4. Qd2 Bg7 5. Bh6 Bxh6 6. Qxh6 c5 7. dxc5 Qa5 8. 0-0-0 Qxc5 9. e3 Nc6 10. Nf3 Bf5 11. Bb5 0-0-0 12. Bxc6 bxc6 13. Nd4 Ng4 14. Qh4 Rd7 15. Nxf5 gxf5 16. h3 Ne5 17. Qd4 Qxd4 18. exd4 Nc4 19. g4 Nd6 20. f3 Rdd8 21. Rde1 e6 22. Ne2 Kb7 23. Nf4 Rdg8 24. b3 Rc8 25. Nd3 h5 26. g5 Rhg8 27. h4 Nb5 28. Ne5 Rg7 29. Rd1 Nc3 30. Rd2 Nxa2+ 31. Kb2 Nb4 32. c3 Na6 33. b4 Nc7 34. Nd3 Rh8 35. Kb3 Rgg8 36. Ra2 Ra8 37. Rg1 Rhg8 38. Nf4 Ne8 39. g6 Nf6 40. Rag2 Raf8 41. g7 Re8 42. Rg5 Re7 43. Nxh5 Nh7 44. R5g2 Kc7 45. Nf4 Kb7 46. h5 Kc7 47. h6 Kb7 48. Nh3 f6 49. Nf4 e5 50. dxe5 Rxe5 51. Re2 a6 52. Rxe5 fxe5 53. Ng6 Re8 54. Ne7 Nf6 55. g8Q Nxg8 56. Nxg8 e4 57. fxe4 fxe4 58. h7 e3 59. h8Q 1-0

[Event "St Petersburg Korchnoi Memorial op"]
[Site "St Petersburg"]
[Date "2019.08.18"]
[Round "5"]
[White "Novikov, Evgenij"]
[Black "Makov, Artem"]
[Result "1-0"]
[WhiteElo "2164"]
[BlackElo "1911"]
[PlyCount "119"]
[EventDate "2019.08.14"]
[EventType "swiss"]
[EventRounds "9"]
[EventCountry "RUS"]
[SourceTitle "CBM 192"]
[Source "ChessBase"]
[SourceDate "2019.10.31"]
[SourceVersion "1"]
[SourceVersionDate "2019.10.31"]
[SourceQuality "1"]

1. c4 c6 2. Nf3 d5 3. e3 Nf6 4. b3 Bg4 5. Bb2 e6 6. Be2 Nbd7 7. 0-0 Bd6 8. h3 Bf5 9. Nd4 Bg6 10. cxd5 cxd5 11. f4 0-0 12. Nc3 a6 13. Qe1 e5 14. fxe5 Nxe5 15. Qh4 Bc7 16. Ba3 Re8 17. Nf5 Re6 18. g4 Rc8 19. Na4 Ne4 20. Ne7+ Kh8 21. d3 Nd6 22. Nxg6+ Nxg6 23. Qxd8+ Rxd8 24. Bc1 Re7 25. Bd2 Bb8 26. Rac1 Ba7 27. Nc5 Rc8 28. b4 Ne5 29. Kg2 Nc6 30. Bf3 d4 31. e4 a5 32. e5 Bxc5 33. exd6 Bxd6 34. b5 Na7 35. Bxa5 Rce8 36. a4 Nc8 37. Rc2 b6 38. Rfc1 Bc5 39. Bd2 Nd6 40. Rb1 Rc8 41. Bf4 Nb7 42. Bxb7 Rxb7 43. a5 Ra8 44. a6 Re7 45. Rbc1 Re6 46. Kf3 Rf6 47. g5 Rf5 48. Ke4 g6 49. Be5+ f6 50. gxf6 Re8 51. Rxc5 bxc5 52. Rxc5 Kg8 53. Kxd4 Rf3 54. b6 Rd8+ 55. Rd5 Rxd3+ 56. Kxd3 Rxd5+ 57. Ke4 Rb5 58. a7 Ra5 59. b7 Ra4+ 60. Bd4 1-0

[Event "St Petersburg Korchnoi Memorial op"]
[Site "St Petersburg"]
[Date "2019.08.14"]
[Round "1"]
[White "Shkurikhin, Ilia"]
[Black "Makov, Artem"]
[Result "1-0"]
[WhiteElo "2380"]
[BlackElo "1911"]
[PlyCount "81"]
[EventDate "2019.08.14"]
[EventType "swiss"]
[EventRounds "9"]
[EventCountry "RUS"]
[SourceTitle "CBM 192"]
[Source "ChessBase"]
[SourceDate "2019.10.31"]
[SourceVersion "1"]
[SourceVersionDate "2019.10.31"]
[SourceQuality "1"]

1. d4 d5 2. c4 c6 3. Nf3 Nf6 4. Nc3 e6 5. e3 Nbd7 6. Qc2 Be7 7. g4 g5 8. h4 gxh4 9. g5 Ng8 10. Rxh4 Nf8 11. e4 Ng6 12. Rh1 dxe4 13. Nxe4 Bf8 14. Bd2 Bg7 15. Bb4 N8e7 16. Nd6+ Kf8 17. 0-0-0 Qc7 18. Bd3 b6 19. Be4 Ba6 20. Qa4 Bc8 21. Kb1 Bd7 22. Qa6 Rb8 23. Ba3 Kg8 24. Rhe1 h5 25. gxh6 Rxh6 26. Rg1 c5 27. dxc5 bxc5 28. Nb5 Bxb5 29. cxb5 Qf4 30. Rde1 Rb6 31. Qxa7 Rxb5 32. Qd7 Qb8 33. Re2 c4 34. Rd1 Bxb2 35. Rxb2 Rxb2+ 36. Bxb2 Nd5 37. Bxd5 exd5 38. Qxd5 c3 39. Qd8+ Qxd8 40. Rxd8+ Kh7 41. Ng5+ 1-0